cricket shots - Statistics

General Stats
  • This quiz has been taken 2,998 times
  • The average score is 7 of 16
Answer Stats
Hint Answer % Correct
off side cover drive
88%
leg side pull
87%
leg side sweep
76%
leg side hook
69%
off/leg side straight drive
64%
leg side on drive
63%
off side reverse sweep
59%
off side off drive
57%
leg side leg glance
44%
off side square cut
44%
off side late cut
33%
off side square drive
27%
off/leg side lofted drive
12%
off/leg side forward defensive
9%
off/leg side ramp shot
7%
off/leg side dilshan scoop
2%
No matching quizzes found
Score Distribution
Percent of People with Each Score
Percentile by Number Answered
Your Score History
You have not taken this quiz